| 000 | 01100nam a2200241 a 4500 | ||
|---|---|---|---|
| 001 | BRCA_1015 | ||
| 005 | 20190320203237.0 | ||
| 008 | 071105s1996----gw-a---###---#000-0#spa-d | ||
| 020 | _a3980407039 | ||
| 050 | 4 |
_aNK2715 _b.C54 1996 |
|
| 245 | 1 | 0 |
_a100 [i.e. Cien] obras maestras de la colección del Vitra Design Museum _ceditores Alexander von Vegesack, Peter Dunas, Mathias Shwartz-Claus ; traducción Rosario Uranga. |
| 260 |
_aWeil am Rhein, Alemania _bVitra Design Museum _c1996 |
||
| 300 |
_a270 p. _bil. (algunas a color) _c30 cm. |
||
| 500 | _aCatálogo de la exposición realizada en el Vitra Design Museum (Weil am Rhein, Alemania), 10 julio, 1995 - 21 enero, 1996 y en el Museo Franz Mayer (Ciudad de México), 24 agosto - 30 octubre, 2005 | ||
| 504 | _aBibliografía: p. 255-268 | ||
| 650 | 1 | 4 |
_aSillas _vExposiciones _93339 |
| 650 | 1 | 4 |
_aSillas _vExposiciones _xColección privada _zWeil am Rhein (Alemania) _93340 |
| 700 | 1 |
_aVon Vegesack, Alexander _93341 |
|
| 700 | 1 |
_aDunas, Peter _93342 |
|
| 700 | 1 |
_aShwartz-Claus, Mathias _93343 |
|
| 700 | 1 |
_aUranga, Rosario _93344 |
|
| 942 |
_2lcc _cB |
||
| 999 |
_c895 _d895 |
||